IFM Opac

Out of the Dinosaurs (Record no. 19083)

MARC details
000 -LEADER
fixed length control field 00353nam a22001457a 4500
020 ## - INTERNATIONAL STANDARD BOOK NUMBER
International Standard Book Number 0 85157 142 5
082 ## - DEWEY DECIMAL CLASSIFICATION NUMBER
Classification number 026.5 HOU
100 ## - MAIN ENTRY--PERSONAL NAME
Personal name HOUGHTON, B.
245 ## - TITLE STATEMENT
Title Out of the Dinosaurs
260 ## - PUBLICATION, DISTRIBUTION, ETC.
Place of publication, distribution, etc. London
Name of publisher, distributor, etc. Clive Bingley
Date of publication, distribution, etc. 1972
300 ## - PHYSICAL DESCRIPTION
Extent 127p.
Other physical details ill.;22cm
500 ## - GENERAL NOTE
General note Includes: Appendix & Index
650 ## - SUBJECT ADDED ENTRY--TOPICAL TERM
Topical term or geographic name entry element Out of the Dinosaurs
942 ## - ADDED ENTRY ELEMENTS (KOHA)
Koha item type Books
Holdings
Withdrawn status Lost status Damaged status Not for loan Home library Current library Shelving location Date acquired Total Checkouts Full call number Barcode Date last seen Price effective from Koha item type
        IFM Main Campus Library IFM Main Campus Library Archival Collection 05/15/2015   026.5 HOU 0000012567 10/09/2017 02/19/2022 Books